[Event "XXXII Festival A"]
[Site "Arco ITA"]
[Date "2010.10.24"]
[Round "9"]
[White "Marshall, Michael"]
[Black "Aigner, Georg"]
[Result "0-1"]
[WhiteElo "1878"]
[BlackElo "1986"]
[PlyCount "134"]
[EventDate "2010.10.16"]

1. d4 Nf6 2. Nf3 g6 3. e3 Bg7 4. c4 d6 5. Be2 Nbd7 6. Nc3 O-O 7. O-O e5 8. Qc2
c6 9. b3 Qc7 10. Ba3 Re8 11. Rac1 Nf8 12. Rfd1 e4 13. Nd2 Bf5 14. b4 b6 15. Bb2
Qe7 16. Ba3 a5 17. b5 c5 18. Nf1 Bg4 19. Ng3 h5 20. Bxg4 hxg4 21. dxc5 dxc5 22.
Nd5 Nxd5 23. Rxd5 f5 24. Bb2 Rad8 25. Rcd1 Rxd5 26. Rxd5 Rd8 27. Bxg7 Kxg7 28.
Qc3+ Kh7 29. Qd2 Rxd5 30. Qxd5 Qd7 31. Qxd7+ Nxd7 32. Ne2 Ne5 33. Nc3 Nxc4 34.
Kf1 Kg7 35. Ke2 Kf7 36. Ke1 Ke6 37. Kd1 Kd6 38. Kc2 Ne5 39. Na4 Kc7 40. Kd2 Nd3
41. Nc3 Nxf2 42. Nd5+ Kd6 43. Nxb6 g5 44. Nc4+ Kc7 45. a4 Nd3 46. g3 Kd7 47.
Ke2 Ke6 48. Nxa5 Nb2 49. b6 Kd7 50. b7 Kc7 51. Kd2 Nxa4 52. Kc2 Nb6 53. Nb3 Nc4
54. Nxc5 Nxe3+ 55. Kc3 Nf1 56. Ne6+ Kxb7 57. Nxg5 Nxh2 58. Nf7 Kc6 59. Nh6 f4
60. Nf5 f3 61. Kd4 f2 62. Ne3 f1=Q 63. Nxf1 Nxf1 64. Kxe4 Nh2 65. Ke5 Kc5 66.
Kf6 Kc4 67. Ke5 Kd3 0-1

[Event "XXXII Festival A"]
[Site "Arco ITA"]
[Date "2010.10.24"]
[Round "9"]
[White "Molnar, Bela"]
[Black "Knors, Rudi"]
[Result "1-0"]
[WhiteElo "2330"]
[BlackElo "2123"]
[PlyCount "69"]
[EventDate "2010.10.16"]

1. e4 c6 2. c4 d5 3. exd5 cxd5 4. cxd5 Nf6 5. Qa4+ Nbd7 6. Nc3 g6 7. Bc4 Bg7 8.
Nf3 O-O 9. d3 a6 10. Qa3 b5 11. Bxb5 Nb6 12. Bc6 Ra7 13. Be3 Bd7 14. O-O Bxc6
15. dxc6 Qc7 16. Qc5 Nc8 17. h3 Ra8 18. Rac1 Nd6 19. Bd4 Nf5 20. Be5 Nd7 21.
Bxc7 Nxc5 22. g4 Ne6 23. Be5 Nfd4 24. Bxd4 Bxd4 25. Nd5 Bc5 26. c7 Rac8 27. Rc4
Bd6 28. Rfc1 f5 29. g5 f4 30. Re1 Nxg5 31. Nxg5 Rf5 32. Nxe7+ Bxe7 33. Rxe7
Rxg5+ 34. Kf1 Rf5 35. Rd4 1-0

[Event "XXXII Festival A"]
[Site "Arco ITA"]
[Date "2010.10.24"]
[Round "9"]
[White "Mombelli, Antonio"]
[Black "Ludwig, Timm"]
[Result "1-0"]
[WhiteElo "1828"]
[BlackElo "1670"]
[PlyCount "45"]
[EventDate "2010.10.16"]

1. e4 c5 2. c3 d5 3. exd5 Qxd5 4. d4 Nc6 5. Nf3 cxd4 6. cxd4 Bg4 7. Nc3 Qe6+ 8.
Be3 Qd7 9. d5 Bxf3 10. gxf3 a6 11. dxc6 Qxc6 12. Bg2 Nf6 13. O-O e6 14. f4 Qc7
15. Qa4+ Nd7 16. Rac1 Rd8 17. Qb3 Nc5 18. Bxc5 Bxc5 19. Qxb7 Qxb7 20. Bxb7 Rb8
21. Bc6+ Ke7 22. Rcd1 Rxb2 23. Rd7+ 1-0

[Event "XXXII Festival A"]
[Site "Arco ITA"]
[Date "2010.10.24"]
[Round "9"]
[White "Moncelli, Giorgio"]
[Black "Blasco, Domenico"]
[Result "1-0"]
[WhiteElo "2089"]
[BlackElo "1961"]
[PlyCount "125"]
[EventDate "2010.10.16"]

1. Nf3 g6 2. g3 Bg7 3. Bg2 e5 4. d3 Nc6 5. c4 d6 6. Nc3 Nge7 7. O-O O-O 8. Rb1
f5 9. Bd2 h6 10. b4 Rb8 11. e3 b6 12. Ne1 g5 13. Nd5 Kh8 14. f4 g4 15. Bc3 Nxd5
16. cxd5 Ne7 17. Qb3 Ng6 18. Qb2 Qe7 19. Rc1 Bd7 20. Rf2 Rbc8 21. b5 h5 22. a4
h4 23. Nc2 Bf6 24. Na3 Kg7 25. Nc4 hxg3 26. hxg3 Rh8 27. Re1 Rh5 28. Rfe2 Rch8
29. e4 fxe4 30. Rxe4 Bf5 31. R4e3 Rh2 32. fxe5 dxe5 33. Nxe5 Qc5 34. d4 Rxg2+
35. Qxg2 Qd6 36. Rf1 Bc8 37. Nxg6 Kxg6 38. Qe4+ Kg7 39. Qf4 Qxf4 40. gxf4 Rd8
41. Bb2 Rxd5 42. Rc1 Rd7 43. Re8 Bb7 44. Rb8 Bd5 45. Rc8 Bd8 46. Kf2 Bh4+ 47.
Kg1 Bd8 48. Kh2 Kg6 49. Kg3 Bf3 50. Rxd8 Rxd8 51. Rxc7 Rh8 52. Ba3 Rh3+ 53. Kf2
Be4 54. Bf8 Rf3+ 55. Ke2 Rxf4 56. Rg7+ Kh5 57. Bd6 Bf3+ 58. Ke3 Re4+ 59. Kd3
Re6 60. Bf4 Be2+ 61. Kd2 a6 62. Rh7+ Kg6 63. Rh6+ 1-0

[Event "XXXII Festival A"]
[Site "Arco ITA"]
[Date "2010.10.24"]
[Round "9"]
[White "Moratto, Davide"]
[Black "Galas, Franco"]
[Result "0-1"]
[WhiteElo "1854"]
[BlackElo "1794"]
[PlyCount "164"]
[EventDate "2010.10.16"]

1. e4 d6 2. d4 e6 3. Nc3 g6 4. f4 Ne7 5. Nf3 Bg7 6. Bd3 b6 7. O-O d5 8. e5 Ba6
9. Nb5 O-O 10. b3 Nf5 11. Ba3 Re8 12. Qd2 Bf8 13. Bxf8 Rxf8 14. g4 Ng7 15. c4
Bxb5 16. cxb5 Nd7 17. h4 f5 18. exf6 Qxf6 19. f5 exf5 20. g5 Qd6 21. Qf2 Nh5
22. Qd2 Rae8 23. Rac1 Ng3 24. Rfe1 Nh5 25. Ne5 Nxe5 26. dxe5 Rxe5 27. Rc6 Rxe1+
28. Qxe1 Qd7 29. Qe5 Re8 30. Qxc7 Re1+ 31. Kf2 Qe8 32. Qc8 Nf4 33. Qxe8+ Rxe8
34. Bf1 Re7 35. Rd6 Ne6 36. Rxd5 Nc5 37. Bc4 Kg7 38. Rd8 h6 39. b4 Ne4+ 40. Kf1
hxg5 41. hxg5 Nxg5 42. a4 Ne4 43. Kg2 Rc7 44. Bd3 Nc3 45. a5 Na2 46. a6 Nxb4
47. Be2 Re7 48. Bf3 Nc2 49. Bb7 Na3 50. Bc6 Kf6 51. Rd6+ Kg5 52. Rd8 Rg7 53.
Kf2 Kf6 54. Rd3 Nc4 55. Rd4 Na5 56. Ba8 Ke5 57. Ra4 Nb3 58. Rh4 Kd6 59. Rh6 Kc5
60. Rh8 Kxb5 61. Bb7 Nc5 62. Ra8 Nxa6 63. Rxa7 Nc7 64. Ba6+ Kc5 65. Be2 Ne6 66.
Ra8 Nd4 67. Rc8+ Kd6 68. Rd8+ Rd7 69. Rg8 Nxe2 70. Rxg6+ Kc5 71. Kxe2 Rf7 72.
Rg1 b5 73. Rc1+ Kb6 74. Kf3 b4 75. Kf4 Kb5 76. Rc8 b3 77. Rb8+ Kc4 78. Rc8+ Kd3
79. Rd8+ Kc2 80. Rc8+ Kb1 81. Rc6 b2 82. Rc8 Ra7 0-1

[Event "XXXII Festival A"]
[Site "Arco ITA"]
[Date "2010.10.24"]
[Round "9"]
[White "Morselli, Stefano"]
[Black "Astengo, Marcello"]
[Result "0-1"]
[WhiteElo "1924"]
[BlackElo "2064"]
[PlyCount "64"]
[EventDate "2010.10.16"]

1. e4 e6 2. d3 d5 3. Nd2 c5 4. g3 Nc6 5. Ngf3 Nge7 6. Bg2 g6 7. O-O Bg7 8. Re1
O-O 9. c3 b5 10. Nb3 Qb6 11. e5 c4 12. Nbd4 Rb8 13. Bg5 b4 14. Nxc6 Nxc6 15.
Be3 Qa5 16. dxc4 bxc3 17. bxc3 dxc4 18. Qd6 Qa4 19. Bg5 Bb7 20. Bf6 Rfc8 21.
Ng5 Na5 22. Nxf7 Qe8 23. Ng5 Bxg2 24. Kxg2 Rb6 25. Qd4 h6 26. Ne4 Nc6 27. Qd6
Nb4 28. Qd2 Nd3 29. Bxg7 Kxg7 30. Reb1 Qc6 31. f3 Rcb8 32. Rd1 Rb2 0-1

[Event "XXXII Festival A"]
[Site "Arco ITA"]
[Date "2010.10.24"]
[Round "9"]
[White "Mulone, Gaspare"]
[Black "Tovazzi, Maurizio"]
[Result "1/2-1/2"]
[WhiteElo "1708"]
[BlackElo "1739"]
[PlyCount "91"]
[EventDate "2010.10.16"]

1. e4 e5 2. Nf3 d6 3. d4 exd4 4. Nxd4 Nf6 5. Bd3 Be7 6. O-O O-O 7. f4 Nc6 8. c3
a6 9. Nxc6 bxc6 10. Kh1 c5 11. Qc2 g6 12. Nd2 Bb7 13. Nf3 Nd7 14. Bd2 Bf6 15.
c4 Re8 16. Rae1 Rb8 17. Bc3 Ba8 18. Bxf6 Qxf6 19. b3 Qxf4 20. Qf2 Re7 21. g3
Qh6 22. Kg1 Qg7 23. Re3 a5 24. Bc2 Bc6 25. Rfe1 Rbe8 26. Nd2 Ne5 27. h3 Qh6 28.
Kg2 Bd7 29. Rh1 Rf8 30. Qe1 f5 31. Nf3 f4 32. gxf4 Rxf4 33. Nxe5 Rxe5 34. Qxa5
Qh4 35. Qe1 Bc6 36. Qxh4 Rxh4 37. Rhe1 Kg7 38. a4 g5 39. Bd1 Bxe4+ 40. Bf3
Bxf3+ 41. Kxf3 Rxh3+ 42. Kf2 Rhxe3 43. Rxe3 Rf5+ 44. Rf3 Re5 45. Re3 Rf5+ 46.
Rf3 1/2-1/2

[Event "XXXII Festival A"]
[Site "Arco ITA"]
[Date "2010.10.24"]
[Round "9"]
[White "Naegele, Raimund"]
[Black "Teodonio, Fabrizio"]
[Result "0-1"]
[WhiteElo "1817"]
[BlackElo "2002"]
[PlyCount "108"]
[EventDate "2010.10.16"]

1. d4 Nf6 2. Nf3 g6 3. Nbd2 d5 4. e3 Bg7 5. Bd3 O-O 6. O-O Nbd7 7. b3 e5 8.
dxe5 Ng4 9. Bb2 Ndxe5 10. Nxe5 Nxe5 11. Be2 Nf3+ 12. Nxf3 Bxb2 13. Rb1 Bg7 14.
Bd3 Qe7 15. Qe2 Re8 16. Qd2 Bg4 17. Be2 Rad8 18. h3 Bc8 19. Rfe1 a6 20. c3 c5
21. Rbd1 b5 22. b4 Bb7 23. a3 Rc8 24. Rc1 Red8 25. Red1 Rc7 26. Qa2 Rdc8 27.
Qd2 cxb4 28. cxb4 Rc3 29. Rxc3 Rxc3 30. Qa2 Qc7 31. Bd3 Rc1 32. Rxc1 Qxc1+ 33.
Kh2 Qb2 34. Qxb2 Bxb2 35. Nd4 Bxa3 36. Nc2 Bb2 37. Kg1 Kf8 38. Kf1 Ke7 39. f3
h6 40. Ke2 Bc3 41. Kd1 g5 42. Kc1 Kd6 43. Kb1 Bc8 44. Ka2 Be6 45. Ka3 Ke5 46.
g4 d4 47. Be4 Bd5 48. Bxd5 Kxd5 49. Kb3 Ke5 50. exd4+ Bxd4 51. Ne1 Kf4 52. Nd3+
Kxf3 53. Nc5 Kg3 54. Nxa6 Bb6 0-1

[Event "XXXII Festival A"]
[Site "Arco ITA"]
[Date "2010.10.24"]
[Round "9"]
[White "Nemeth, Gergely"]
[Black "Astengo, Corrado"]
[Result "1/2-1/2"]
[WhiteElo "1889"]
[BlackElo "2150"]
[PlyCount "87"]
[EventDate "2010.10.16"]

1. e4 c5 2. c3 e6 3. d4 d5 4. e5 Qb6 5. Nf3 Bd7 6. Bd3 Bb5 7. O-O Bxd3 8. Qxd3
cxd4 9. cxd4 Nc6 10. Nc3 Nge7 11. Be3 Ng6 12. a3 Be7 13. Nd2 O-O 14. f4 f5 15.
b4 Rac8 16. Nb3 Qd8 17. Na4 b6 18. b5 Nb8 19. Nc3 Qd7 20. Ne2 Rc7 21. a4 Rc4
22. Nd2 Rc7 23. Rfc1 Rfc8 24. Rxc7 Rxc7 25. Rc1 Rxc1+ 26. Nxc1 Qc7 27. Na2 a5
28. Qc3 Qxc3 29. Nxc3 Bb4 30. Na2 Be7 31. g3 Kf7 32. Nb1 Nf8 33. Bc1 Bd8 34.
Ba3 Nbd7 35. Kf2 g5 36. Kf3 gxf4 37. Kxf4 Ng6+ 38. Kf3 h5 39. h4 f4 40. g4
hxg4+ 41. Kxg4 Bxh4 42. Nbc3 Bf2 43. Ne2 Be3 44. Bc1 1/2-1/2

[Event "XXXII Festival A"]
[Site "Arco ITA"]
[Date "2010.10.24"]
[Round "9"]
[White "Niccoli, Paolo"]
[Black "Mumelter, Igor"]
[Result "1-0"]
[WhiteElo "1962"]
[BlackElo "1839"]
[PlyCount "133"]
[EventDate "2010.10.16"]

1. e4 c6 2. d4 d5 3. Nc3 dxe4 4. Nxe4 Bf5 5. Ng3 Bg6 6. Nf3 Nd7 7. h4 h6 8. h5
Bh7 9. Bd3 Bxd3 10. Qxd3 e6 11. Bf4 Qa5+ 12. Bd2 Bb4 13. c3 Be7 14. a3 Ngf6 15.
c4 Qc7 16. O-O-O O-O 17. Ne4 b5 18. c5 a5 19. b3 Rfd8 20. Qe2 Nxe4 21. Qxe4
Bxc5 22. dxc5 Nxc5 23. Qe3 Nd3+ 24. Kb1 c5 25. Bc3 c4 26. Bd4 Qe7 27. Bb2 Rd5
28. Rh4 Rc8 29. Rd4 Rxd4 30. Qxd4 e5 31. Nxe5 Nxb2 32. Kxb2 c3+ 33. Ka2 c2 34.
Rc1 Qg5 35. Qe3 Qf5 36. Qh3 Qxh3 37. gxh3 Rc5 38. f4 f6 39. Nd3 Rc3 40. Nf2 a4
41. b4 Rf3 42. Ne4 Rxh3 43. Rxc2 Rxh5 44. Kb2 Rf5 45. Rf2 Kf8 46. Kc3 Ke7 47.
Kd4 Ke6 48. Nc3 g5 49. Re2+ Kd6 50. fxg5 hxg5 51. Ne4+ Kc6 52. Rc2+ Kb6 53. Rc8
Rf3 54. Rf8 Rxa3 55. Rxf6+ Kc7 56. Nxg5 Rb3 57. Kc5 a3 58. Ra6 Kb7 59. Ra5 Re3
60. Nf7 Kc7 61. Kxb5 Kb8 62. Ra6 Re7 63. Nd6 Ra7 64. Rc6 Rc7 65. Rb6+ Ka8 66.
Ra6+ Ra7 67. Rc6 1-0

[Event "XXXII Festival A"]
[Site "Arco ITA"]
[Date "2010.10.24"]
[Round "9"]
[White "Nicolodi, Raoul"]
[Black "Bonade', Massimo"]
[Result "1/2-1/2"]
[WhiteElo "1939"]
[BlackElo "2091"]
[PlyCount "78"]
[EventDate "2010.10.16"]

1. c4 c5 2. Nf3 Nc6 3. Nc3 g6 4. g3 Bg7 5. Bg2 e5 6. d3 Nge7 7. Bg5 f6 8. Be3
d6 9. O-O O-O 10. a3 Be6 11. Rb1 a5 12. Ne1 b6 13. Nd5 Rb8 14. Nc2 Qc8 15. b4
axb4 16. axb4 Bh3 17. Nxe7+ Nxe7 18. Qd2 Bxg2 19. Kxg2 Nf5 20. Na3 Rd8 21. f3
Kh8 22. Nb5 d5 23. g4 Ne7 24. bxc5 bxc5 25. Na7 Qc7 26. Rxb8 Rxb8 27. Nb5 Qc8
28. Bh6 Ra8 29. Bxg7+ Kxg7 30. Ra1 Qc6 31. Qb2 d4 32. Rxa8 Qxa8 33. Qa3 Qxa3
34. Nxa3 Kf7 35. Nb5 Ke6 36. h4 Nc8 37. Nc7+ Kd7 38. Nd5 Ke6 39. Nc7+ Kd6
1/2-1/2

[Event "XXXII Festival A"]
[Site "Arco ITA"]
[Date "2010.10.24"]
[Round "9"]
[White "Pajcin, Jovan"]
[Black "Bottesi, Gianluca"]
[Result "1-0"]
[WhiteElo "1869"]
[BlackElo "1704"]
[PlyCount "84"]
[EventDate "2010.10.16"]

1. e4 c5 2. Nc3 a6 3. a4 Nc6 4. Nf3 g6 5. d4 cxd4 6. Nxd4 Bg7 7. Be3 e6 8. Be2
Nge7 9. O-O O-O 10. Kh1 d5 11. Nxc6 bxc6 12. exd5 cxd5 13. Bd2 Rb8 14. Rb1 Qc7
15. Qc1 Nf5 16. Rd1 Bb7 17. Bg4 Nh4 18. Bf4 Be5 19. Ne2 h5 20. Bh3 Rfd8 21. Bg5
Nf5 22. Bxd8 Rxd8 23. Bxf5 exf5 24. f4 Bd6 25. Rf1 Bc5 26. c3 h4 27. Nd4 h3 28.
g3 Re8 29. Re1 Re4 30. b4 Bb6 31. a5 Ba7 32. Qd2 Qc4 33. Rbd1 Bc6 34. Rxe4 dxe4
35. Nxc6 Qxc6 36. c4 e3+ 37. Qd5 e2 38. Re1 Qe8 39. c5 Qe3 40. Qd8+ Kg7 41. Qd5
Qf2 42. Qe5+ Kh6 1-0

[Event "XXXII Festival A"]
[Site "Arco ITA"]
[Date "2010.10.24"]
[Round "9"]
[White "Panarello, Giuseppe"]
[Black "Salati, Paolo"]
[Result "1/2-1/2"]
[WhiteElo "1925"]
[BlackElo "1861"]
[PlyCount "49"]
[EventDate "2010.10.16"]

1. e4 Nf6 2. e5 Nd5 3. d4 d6 4. Nf3 Bg4 5. Be2 Nc6 6. c4 Nb6 7. exd6 exd6 8. b3
Be7 9. O-O Nd7 10. Nc3 O-O 11. Be3 Re8 12. Qd2 Nf8 13. Nd5 Qd7 14. h3 Bh5 15.
Nf4 Bg6 16. Nxg6 Nxg6 17. Bd3 Nf8 18. Rfe1 Bf6 19. Rad1 Ne7 20. Qc2 g6 21. g4
Bg7 22. Kg2 Ne6 23. a3 c6 24. Rg1 Rf8 25. Qd2 1/2-1/2

[Event "XXXII Festival A"]
[Site "Arco ITA"]
[Date "2010.10.24"]
[Round "9"]
[White "Panjkovic, Aleksandar"]
[Black "Ager, Josef"]
[Result "1-0"]
[WhiteElo "2137"]
[BlackElo "2194"]
[PlyCount "73"]
[EventDate "2010.10.16"]

1. c4 b6 2. Nc3 Bb7 3. e4 d6 4. Nge2 e5 5. g3 f5 6. d3 Nf6 7. Bg2 Nbd7 8. b4 a5
9. bxa5 Rxa5 10. O-O fxe4 11. Nxe4 Nxe4 12. dxe4 Nf6 13. Qc2 Qa8 14. Nc3 Rc5
15. Be3 Rxc4 16. Qb3 Ba6 17. Rfc1 Qc6 18. Bf1 b5 19. Bxc4 bxc4 20. Qb8+ Kf7 21.
Nd5 Nxd5 22. exd5 Qxd5 23. Qxc7+ Be7 24. Rab1 Rc8 25. Qd7 Qc6 26. Qf5+ Kg8 27.
Qe6+ Kf8 28. Rb6 Qa8 29. Rc3 Rc6 30. Qd5 Bb7 31. Rxc6 Bxc6 32. Qxc4 Bd5 33.
Qc8+ Qxc8 34. Rxc8+ Kf7 35. a4 Bf3 36. a5 d5 37. a6 1-0

[Event "XXXII Festival A"]
[Site "Arco ITA"]
[Date "2010.10.24"]
[Round "9"]
[White "Pistone, Salvatore"]
[Black "Rizzo, Giuseppe"]
[Result "0-1"]
[WhiteElo "1725"]
[BlackElo "1659"]
[PlyCount "74"]
[EventDate "2010.10.16"]

1. c4 e5 2. Nc3 Nf6 3. g3 d5 4. cxd5 Nxd5 5. Bg2 Nb6 6. d3 Be7 7. Nf3 Nc6 8.
O-O O-O 9. Be3 Be6 10. Qd2 f6 11. Rfb1 Qd7 12. a3 a5 13. Ne4 Nd4 14. Nxd4 exd4
15. Bf4 Nd5 16. Qc1 Nxf4 17. Qxf4 g5 18. Qc1 b6 19. e3 c5 20. Nd2 Ra7 21. Nc4
b5 22. Nd2 dxe3 23. fxe3 Qxd3 24. Qc3 Rd8 25. Ne4 b4 26. Nxf6+ Kf7 27. Qxd3
Rxd3 28. Ne4 Rxe3 29. Rf1+ Kg7 30. Rae1 Rxe1 31. Rxe1 Bf7 32. g4 c4 33. axb4
axb4 34. Kf2 Bg6 35. Ke3 Bf6 36. Nxf6 Kxf6 37. Be4 Bxe4 0-1

[Event "XXXII Festival A"]
[Site "Arco ITA"]
[Date "2010.10.24"]
[Round "9"]
[White "Pretto, Aldo"]
[Black "Cavatorta, Ivan"]
[Result "1-0"]
[WhiteElo "1741"]
[BlackElo "1815"]
[PlyCount "91"]
[EventDate "2010.10.16"]

1. Nf3 Nf6 2. g3 b6 3. Bg2 Bb7 4. O-O e6 5. d3 Be7 6. e4 d6 7. Nbd2 e5 8. Re1
O-O 9. a4 a6 10. Nc4 Re8 11. Bd2 Nbd7 12. b4 Bf8 13. Nh4 g6 14. f4 exf4 15.
Bxf4 d5 16. e5 Bxb4 17. Nd2 Nh5 18. Nhf3 Nxf4 19. gxf4 Nf8 20. Qb1 Bc5+ 21. d4
Be7 22. c3 Ne6 23. f5 Ng5 24. f6 Nxf3+ 25. Nxf3 Bf8 26. Qc1 Bc8 27. Nh4 h5 28.
Bf3 Kh7 29. Kh1 Bh6 30. Qc2 Bg5 31. Nxg6 fxg6 32. Rg1 Bf5 33. Qg2 Be3 34. Rge1
c6 35. Rxe3 Qd7 36. Rg1 Rg8 37. Qg3 Be4 38. Bxe4 dxe4 39. Rxe4 Qf5 40. Rf4 Qe6
41. Rf2 c5 42. Qg2 Rad8 43. f7 Rgf8 44. Rf6 Qd5 45. Qxd5 Rxd5 46. e6 1-0

[Event "XXXII Festival A"]
[Site "Arco ITA"]
[Date "2010.10.24"]
[Round "9"]
[White "Prezzi, Adriano"]
[Black "Tomassoni, Leonardo"]
[Result "0-1"]
[WhiteElo "1682"]
[BlackElo "1935"]
[PlyCount "62"]
[EventDate "2010.10.16"]

1. d4 Nf6 2. c4 c5 3. d5 e6 4. Nc3 exd5 5. cxd5 d6 6. e4 a6 7. a4 g6 8. h3 Bg7
9. Nf3 O-O 10. Bd3 Re8 11. O-O Qc7 12. Be3 Nbd7 13. Qd2 c4 14. Bc2 Nc5 15. Bxc5
Qxc5 16. Rfe1 Nd7 17. Qe3 Qb4 18. Rab1 Nc5 19. Nd2 b5 20. axb5 axb5 21. f4 Bd7
22. Nf3 Re7 23. Nd4 Nb3 24. Bxb3 cxb3 25. Rbd1 Qc4 26. Qd3 Qc5 27. Kh1 b4 28.
Nce2 Rae8 29. Rc1 Qb6 30. Qd2 Rxe4 31. Nc6 Qf2 0-1

[Event "XXXII Festival A"]
[Site "Arco ITA"]
[Date "2010.10.24"]
[Round "9"]
[White "Proietti, Tosca"]
[Black "Nanni, Sergio"]
[Result "1-0"]
[WhiteElo "1840"]
[BlackElo "1698"]
[PlyCount "83"]
[EventDate "2010.10.16"]

1. e4 e5 2. Bc4 Nf6 3. Nc3 Nc6 4. d3 h6 5. Nge2 Na5 6. O-O Nxc4 7. dxc4 c6 8.
Qd3 d6 9. f4 Ng4 10. Qf3 Be7 11. f5 Qb6+ 12. Kh1 h5 13. Na4 Qc7 14. Bd2 d5 15.
cxd5 cxd5 16. Nac3 Nf6 17. Nxd5 Nxd5 18. exd5 Qxc2 19. Bc3 Bf6 20. Ng3 h4 21.
Qe4 Qxe4 22. Nxe4 h3 23. Nd6+ Kd7 24. Nc4 b5 25. Nxe5+ Bxe5 26. Bxe5 hxg2+ 27.
Kxg2 Bb7 28. Rad1 f6 29. Bg3 Rac8 30. Kg1 Rc5 31. Rc1 Rhc8 32. Rxc5 Rxc5 33. d6
Be4 34. Re1 Bxf5 35. Re7+ Kd8 36. Rxg7 Rc1+ 37. Kf2 Rc2+ 38. Ke3 Rxb2 39. Rxa7
Bd7 40. Bh4 Rxh2 41. Bxf6+ Kc8 42. Rc7+ 1-0

[Event "XXXII Festival A"]
[Site "Arco ITA"]
[Date "2010.10.24"]
[Round "9"]
[White "Rampini, Carlo"]
[Black "Helbig, Dieter"]
[Result "1-0"]
[WhiteElo "1791"]
[BlackElo "1872"]
[PlyCount "125"]
[EventDate "2010.10.16"]

1. d4 Nf6 2. Nc3 g6 3. e4 d6 4. f4 Bg7 5. Nf3 O-O 6. Bd3 Nbd7 7. Be3 Ng4 8. Bd2
c5 9. h3 cxd4 10. hxg4 dxc3 11. Bxc3 Bxc3+ 12. bxc3 Nf6 13. f5 Nxg4 14. Nd4 Nf6
15. g4 e5 16. Nb3 d5 17. Qf3 dxe4 18. Bxe4 Qc7 19. Qh3 Bd7 20. O-O-O Bb5 21.
Qh6 Qxc3 22. Rh3 Qb4 23. g5 Qxe4 24. Kb1 Rfc8 25. Rd2 Qf4 26. gxf6 Qxh6 27.
Rxh6 Rc6 28. Rdh2 Rxf6 29. Rxh7 Rxf5 30. Rh8+ Kg7 31. Rxa8 a6 32. Rd8 Rf6 33.
Nc5 Bc6 34. Rhd2 e4 35. Nd7 Rf1+ 36. Kb2 f5 37. Ne5 e3 38. Re2 f4 39. Nxc6 bxc6
40. c4 Kh6 41. Kc2 Kg5 42. Rd1 Rf3 43. Rg1+ Kf5 44. Kd3 Rh3 45. Rb2 g5 46. Rb6
Rh2 47. Rxc6 Rd2+ 48. Kc3 Rxa2 49. Rc5+ Ke4 50. Rcxg5 Kf3 51. c5 e2 52. c6 Ra3+
53. Kc2 Re3 54. Kd2 Re4 55. Rc5 Rd4+ 56. Kc2 Kf2 57. Rb1 e1=Q 58. Rxe1 Kxe1 59.
c7 Rd2+ 60. Kc3 f3 61. c8=Q Re2 62. Kd3 Rd2+ 63. Ke3 1-0

[Event "XXXII Festival A"]
[Site "Arco ITA"]
[Date "2010.10.24"]
[Round "9"]
[White "Roversi, Stefano"]
[Black "Antoniacci, Riccardo"]
[Result "1-0"]
[WhiteElo "1859"]
[BlackElo "1923"]
[PlyCount "63"]
[EventDate "2010.10.16"]

1. e4 g6 2. d4 Bg7 3. Nf3 c6 4. Bd3 d5 5. e5 Bg4 6. Nbd2 e6 7. h3 Bxf3 8. Nxf3
Nd7 9. O-O c5 10. c3 Ne7 11. Bg5 c4 12. Bc2 b5 13. Qd2 Qb6 14. Bh6 O-O 15. Bxg7
Kxg7 16. Qg5 Nc6 17. h4 Qd8 18. Qg3 Nb6 19. Ng5 Qe7 20. h5 h6 21. Nh3 g5 22. f4
Kh8 23. fxg5 Rg8 24. Rf6 hxg5 25. Nxg5 Rg7 26. h6 Rxg5 27. Qxg5 Rg8 28. Qh5 Nd8
29. Raf1 b4 30. Rxf7 Nxf7 31. Rxf7 Rg5 32. Qf3 1-0

[Event "XXXII Festival A"]
[Site "Arco ITA"]
[Date "2010.10.24"]
[Round "9"]
[White "Savarese, Vincenzo"]
[Black "Weinberg, Emanuele"]
[Result "1-0"]
[WhiteElo "1808"]
[BlackElo "1815"]
[PlyCount "24"]
[EventDate "2010.10.16"]

1. e4 c6 2. d4 g6 3. Nf3 Bg7 4. Nc3 d6 5. Bc4 Nd7 6. Bxf7+ Kxf7 7. Ng5+ Ke8 8.
Ne6 Qa5 9. Nxg7+ Kf7 10. Nf5 gxf5 11. Qh5+ Kf8 12. O-O Ndf6 1-0

[Event "XXXII Festival A"]
[Site "Arco ITA"]
[Date "2010.10.24"]
[Round "9"]
[White "Savinova, Yulia"]
[Black "Vaccari, Giorgio"]
[Result "1/2-1/2"]
[WhiteElo "1820"]
[BlackElo "1613"]
[PlyCount "106"]
[EventDate "2010.10.16"]

1. d4 Nf6 2. c4 g6 3. Nc3 c6 4. e4 d6 5. Nf3 Bg7 6. Be2 O-O 7. O-O Nbd7 8. Qc2
Qc7 9. Bf4 Nh5 10. Be3 Nhf6 11. h3 e5 12. Rad1 Re8 13. dxe5 dxe5 14. Bg5 Nf8
15. Bh4 Ne6 16. Bg3 Nh5 17. Bh2 Nhf4 18. Qc1 Bh6 19. Qc2 Bg7 20. Rfe1 Qe7 21.
Bf1 Ng5 22. Nxg5 Qxg5 23. Bg3 Qe7 24. a3 Be6 25. Ne2 Nh5 26. Bh2 Qg5 27. Bg3
Nxg3 28. Nxg3 Qe7 29. c5 Rad8 30. b4 Rd4 31. Ne2 Rxd1 32. Rxd1 Rd8 33. g4 Rxd1
34. Qxd1 h5 35. Ng3 hxg4 36. hxg4 Qd7 37. Qxd7 Bxd7 38. f3 Be6 39. Kf2 Bh6 40.
Ke2 Bc1 41. Kd3 Bxa3 42. Kc3 a5 43. bxa5 Bxc5 44. Bc4 Bc8 45. Ne2 Kf8 46. Nc1
Bd6 47. Nd3 g5 48. Kb3 Ke7 49. Ka4 f6 50. Nb2 Bc5 51. Be2 Be6 52. Bc4 Bc8 53.
Nd3 Be6 1/2-1/2

[Event "XXXII Festival A"]
[Site "Arco ITA"]
[Date "2010.10.24"]
[Round "9"]
[White "Savoia, Sergio"]
[Black "Giancotti, Eraldo"]
[Result "0-1"]
[WhiteElo "1909"]
[BlackElo "2062"]
[PlyCount "82"]
[EventDate "2010.10.16"]

1. b3 d6 2. Bb2 Nc6 3. c4 e5 4. a3 Nf6 5. e3 Qe7 6. d3 g6 7. Nc3 Be6 8. Be2 Bg7
9. Nf3 h6 10. Qc2 O-O 11. b4 a6 12. h3 Rfe8 13. b5 axb5 14. cxb5 Na5 15. d4 Nb3
16. Rd1 exd4 17. Nxd4 Nxd4 18. Rxd4 c6 19. O-O Nd7 20. Rd2 Nc5 21. Bf3 Bf5 22.
Qd1 d5 23. a4 Qg5 24. g4 Be6 25. Bg2 f5 26. f4 Qh4 27. gxf5 Bxf5 28. Qf3 Nxa4
29. Nxa4 Rxa4 30. bxc6 bxc6 31. Bxg7 Kxg7 32. e4 dxe4 33. Qc3+ Qf6 34. Qb3 Ra7
35. Qb6 Rae7 36. Rc1 e3 37. Rd8 e2 38. Rxe8 Rxe8 39. Re1 Re7 40. Qxc6 Qd4+ 41.
Kh1 Qd2 0-1

[Event "XXXII Festival A"]
[Site "Arco ITA"]
[Date "2010.10.24"]
[Round "9"]
[White "Schaberg, Wolfgang"]
[Black "Gardini, Enrico"]
[Result "0-1"]
[WhiteElo "1941"]
[BlackElo "1815"]
[PlyCount "52"]
[EventDate "2010.10.16"]

1. e4 d5 2. exd5 Qxd5 3. Nc3 Qd6 4. g3 Nf6 5. Bg2 c6 6. d4 g6 7. Nf3 Bg7 8. O-O
O-O 9. Re1 Na6 10. Bf4 Qd8 11. Qd2 Re8 12. Rad1 Nc7 13. Na4 Bg4 14. h3 Bxf3 15.
Bxf3 Ncd5 16. Bg5 Qc7 17. c4 Nb6 18. Nxb6 Qxb6 19. b3 Rad8 20. Be3 Qc7 21. Qc2
Qc8 22. Kg2 h6 23. d5 cxd5 24. Bxa7 dxc4 25. Rxd8 Qxd8 26. Qxc4 Qa5 0-1

[Event "XXXII Festival A"]
[Site "Arco ITA"]
[Date "2010.10.24"]
[Round "9"]
[White "Schuetzler, Bernd"]
[Black "Carrozza, Gregorio"]
[Result "1-0"]
[WhiteElo "1707"]
[BlackElo "1667"]
[PlyCount "105"]
[EventDate "2010.10.16"]

1. e4 e5 2. Nf3 Nf6 3. Nxe5 d6 4. Nf3 Nxe4 5. d4 d5 6. Bd3 Be7 7. h3 O-O 8. O-O
Nc6 9. a3 Be6 10. Re1 Ng5 11. Nxg5 Bxg5 12. Nd2 Nxd4 13. c3 Nc6 14. Nf3 Bf6 15.
Qc2 g6 16. Bf4 Qd7 17. Rad1 Rad8 18. Bb5 a6 19. Bd3 Ne7 20. Nd4 c5 21. Nxe6
fxe6 22. c4 Bd4 23. Be3 Bxe3 24. Rxe3 d4 25. Re5 b6 26. Rde1 Rf6 27. Qe2 Kf7
28. g4 Nc6 29. Re4 e5 30. Kg2 g5 31. Kh2 Rf8 32. h4 Kg7 33. Rf1 Rf3 34. h5 h6
35. Kg2 Qf7 36. Bc2 Qd7 37. Bd1 d3 38. Qd2 Qf7 39. Re3 Rf4 40. f3 e4 41. Rf2
exf3+ 42. Bxf3 Nd4 43. Kg3 Nxf3 44. Qxd3 Rxg4+ 45. Kxg4 Qf4+ 46. Kh3 Ng1+ 47.
Kg2 Qxf2+ 48. Kh1 Qh4+ 49. Kxg1 Qxh5 50. Re7+ Rf7 51. Qc3+ Kh7 52. Qd3+ Qg6 53.
Rxf7+ 1-0

[Event "XXXII Festival A"]
[Site "Arco ITA"]
[Date "2010.10.24"]
[Round "9"]
[White "Siebrecht, Sebastian"]
[Black "Farago, Ivan"]
[Result "1/2-1/2"]
[WhiteElo "2421"]
[BlackElo "2420"]
[PlyCount "29"]
[EventDate "2010.10.16"]

1. c4 Nf6 2. Nc3 e5 3. Nf3 Nc6 4. e3 Bb4 5. d4 exd4 6. exd4 d5 7. a3 Bxc3+ 8.
bxc3 O-O 9. Be2 dxc4 10. Bxc4 Re8+ 11. Be3 Na5 12. Bd3 Qd5 13. O-O Bf5 14. Bxf5
Qxf5 15. Ne5 1/2-1/2